Vainqueurs Grand Prix F1 2019 - Statistiques

Statistiques générales
  • Ce quiz a été pris 34 fois
  • Le résultat moyen est 20 sur 21
Statistiques - réponses
Grand Prix Réponses % Correct
BAHREIN Lewis Hamilton
100%
CHINE Lewis Hamilton
100%
MONACO Lewis Hamilton
100%
CANADA Lewis Hamilton
100%
FRANCE Lewis Hamilton
100%
GRANDE-BRETAGNE Lewis Hamilton
100%
HONGRIE Lewis Hamilton
97%
RUSSIE Lewis Hamilton
97%
ABOU DABI Lewis Hamilton
97%
ALLEMAGNE Max Verstappen
97%
BRESIL Max Verstappen
97%
BELGIQUE Charles Leclerc
93%
ITALIE Charles Leclerc
93%
ESPAGNE Lewis Hamilton
93%
MEXIQUE Lewis Hamilton
93%
AUTRICHE Max Verstappen
93%
AUSTRALIE Valtteri Bottas
93%
JAPON Valtteri Bottas
93%
ETATS UNIS Valterri Bottas
90%
AZERBAIDJAN Valtteri Bottas
90%
SINGAPOUR Sebastian Vettel
87%
Aucun quiz correspondant
Distribution des résultats
% des personnes avec chaque résultat
Percentile par nombre de réponses
Votre historique - résultats
Vous n’avez pas pris ce quiz